LEADER 00979nam a2200229 i 4500 001 000000189914 003 CaOOAMICUS 005 20100520000000.0 008 100520s1949 it u000 u ita u 013 $a168226 040 $aSeMil$bita 100 1 $aMoretti, Girolamo Maria,$c.$0(OLS)http://semarc/name/3651 245 10$aLussuria :$bpsicologia e grafologia dei sette vizi capitali /$cp. Girolamo M. Moretti. 250 $a2. ed. 260 $aPadova :$bMessaggero di S. Antonio,$c1949. 300 $a230 p. ;$c23 cm. 650 4$aGrafologia - Trattati.$0(OLS)http://semarc/subject/18351 650 4$aLussuria.$0(OLS)http://semarc/subject/35791 850 $aSeMil 852 $aSeMil$W1$xVenegono$y1$m2X III 122$j140545$B140545$CSeMilBibl$Z2$F152161 $81 996 $6245$aLussuria :$bpsicologia e grafologia dei sette vizi capitali$9(OLS)http://semarc/title/273511 996 $6260$aPadova :$bMessaggero di S. Antonio$9(OLS)http://semarc/publisher/30062 LEADER 01346nam a2200277 i 4500 001 000000077708 003 CaOOAMICUS 005 20010713000000.0 008 010713s2001 gw u000 u ger u 013 $a48881 020 $a3-7887-1855-2 040 $aSeMil$bita 100 1 $aAdam, Klaus-Peter <1965- >.$0(OLS)http://semarc/name/38206 245 14$aDer königliche Held :$bdie Entsprechung von kämpfendem Gott und kämpfendem König in Psalm 18 /$cKlaus-Peter Adam. 260 $aNeukirchen-Vluyn :$bNeukirchener,$c2001. 300 $aIX, 273 p. :$bill. ;$c23 cm. 490 0 $aWissenschaftliche Monographien zum Alten und Neuen Testament ;$v91. 500 $aContiene : Literatur. 650 4$aBibbia. Antico Testamento. Salmi, 1-50.$0(OLS)http://semarc/subject/7334 830 0$aWissenschaftliche Monographien zum Alten und Neuen Testament ;$v91.$0(OLS)http://semarc/title/114 850 $aSeMil 852 $aSeMil$W1$xVenegono$y1$m2XA T 91$j260648$B43860$CSeMilBibl$Z2$F43160 $81 961 $aSottoscrizione: Neukirchener 996 $6020$a3-7887-1855-2$9(OLS)http://semarc/number/59604 996 $6245$aDer königliche Held :$bdie Entsprechung von kämpfendem Gott und kämpfendem König in Psalm 18$9(OLS)http://semarc/title/126244 996 $6260$aNeukirchen-Vluyn :$bNeukirchener$9(OLS)http://semarc/publisher/29645